000 00659nam a22002057a 4500
005 20240530110428.0
008 150328s2008 ua g 000 f ara d
017 _a2008/17508
_bمصر . دار الكتب المصرية
020 _a9789770925132
040 _aEG-CaGPL
082 0 4 _221
_a813.01\
_bى ح
100 0 _aيوسف القعيد
245 1 2 _aالحرب فى بر مصر :
_bرواية /
_cيوسف القعيد
250 _aط1.
260 _aالقاهرة :
_bدار الشروق ،
_c2008
300 _a171 ص ؛
_c20 سم
650 0 4 _aالقصص العربية
942 _2ddc
_cBK
999 _c60792
_d60792